[ Zahraničné automobilky na Slovensku ]

Z obsahu: Slovenský Detroit - to nie sú len známe značky. Dodávatelia automobilových komponentov majú na Slovensku šancu. SARIO pomáha vytvárať kontakty na dodávateľov komponentov. Kórejskí producenti nasledovali vlajkovú loď. Automobilka Kia už získala pre žilinský závod aj miestnych výrobcov kompo...

Ausführliche Beschreibung

Gespeichert in:
Bibliographische Detailangaben
1. Verfasser: Jesný, Martin
Format: Buchkapitel
Sprache:Slowakisch
Schlagworte:
Tags: Tag hinzufügen
Keine Tags, Fügen Sie das erste Tag hinzu!

MARC

LEADER 00000naa$a2200000$$$4500
001 0030282
005 20231009081616.7
041 0 |a slo 
044 |a SK 
245 1 0 |a [ Zahraničné automobilky na Slovensku ]  |c Martin Jesný 
520 |a Z obsahu: Slovenský Detroit - to nie sú len známe značky. Dodávatelia automobilových komponentov majú na Slovensku šancu. SARIO pomáha vytvárať kontakty na dodávateľov komponentov. Kórejskí producenti nasledovali vlajkovú loď. Automobilka Kia už získala pre žilinský závod aj miestnych výrobcov komponentov. Volkswagen na Slovensku rozšíri sieť dodávateľov. PSA dolaďuje logistiku, výrobcov komponentov však stále hľadá. 
610 2 0 |a automobily 
610 2 0 |a investície zahraničné 
610 2 0 |a investície zo zahraničia 
610 2 0 |a súčiastky 
610 2 0 |a dodávatelia 
610 2 0 |a logistika 
610 2 0 |a Slovensko 
100 1 |a Jesný, Martin